<?xml version="1.0" encoding="UTF-8"?>
<collection xmlns="http://www.loc.gov/MARC21/slim">
 <record>
  <leader>03128nam a2200325   4500</leader>
  <controlfield tag="001">1/33755</controlfield>
  <controlfield tag="008">071106s2004    gr            001 0 gre d</controlfield>
  <datafield tag="020" ind1=" " ind2=" ">
   <subfield code="a">9608675235 (set)</subfield>
  </datafield>
  <datafield tag="035" ind1=" " ind2=" ">
   <subfield code="l">36186</subfield>
  </datafield>
  <datafield tag="040" ind1=" " ind2=" ">
   <subfield code="a">GR-PeUP</subfield>
  </datafield>
  <datafield tag="082" ind1="0" ind2="0">
   <subfield code="a">338.0409495 ΙΣΤ</subfield>
  </datafield>
  <datafield tag="245" ind1="0" ind2="0">
   <subfield code="a">Ιστορία της επιχειρηματικότητας στη Θεσσαλονίκη /</subfield>
   <subfield code="c">Ευάγγελος Χεκίμογλου...[κ.ά.].</subfield>
  </datafield>
  <datafield tag="260" ind1=" " ind2=" ">
   <subfield code="a">Θεσσαλονίκη :</subfield>
   <subfield code="b">Πολιτιστική Εταιρεία Επιχειρηματιών Βορείου Ελλάδος,</subfield>
   <subfield code="c">2004.</subfield>
  </datafield>
  <datafield tag="300" ind1=" " ind2=" ">
   <subfield code="a">5 τ. (xxiii, 247· xxiii, 391· 391· xxiii, 599· xxiii, 351 σ.):</subfield>
   <subfield code="c">30 εκ.</subfield>
  </datafield>
  <datafield tag="500" ind1=" " ind2=" ">
   <subfield code="a">Περιέχει ευρετήριο.</subfield>
  </datafield>
  <datafield tag="505" ind1="0" ind2=" ">
   <subfield code="a">Τ. 1. Από τους προϊστορικούς μέχρι και τους βυζαντινούς χρόνους: Από τους προϊστορικούς μέχρι και τους ρωμαϊκούς χρόνους / Πολυξένη Αδάμ-Βελένη, Η βυζαντινή περίοδος / Ευτέρπη Μακρή -- Τ. 2/1. Η Οθωμανική περίοδος / γενική επιμ. Χαράλαμπος Παπαστάθης &amp; Ευάγγελος Χεκίμογλου, Οθωμανικές πηγές (Μετάφραση) / Κίρκη Γεωργιάδου-Τσίμινο -- Τ. 2/2. Η Οθωμανική περίοδος / Θάλεια Μαντοπούλου-Παναγιωτοπούλου &amp; Ευάγγελος Χεκίμογλου -- Τ. 3. Η επιχειρηματικότητα στην περίοδο 1900-1940: Μεγάλεσ επιχειρήσεις και επιχειρηματικές οικογένειες / Ευφροσύνη Ρούπα &amp; Ευάγγελος Χεκίμογλου -- Τ. 4. Λεξικό επιχειρηματιών της Μεσοπολεμικής Θεσσαλονίκης / Ευάγγελος Χεκίμογλου</subfield>
  </datafield>
  <datafield tag="650" ind1=" " ind2="4">
   <subfield code="a">Επιχειρήσεις</subfield>
   <subfield code="x">Ιστορία</subfield>
   <subfield code="z">Θεσσαλονίκη</subfield>
   <subfield code="z">Ελλάδα.</subfield>
  </datafield>
  <datafield tag="650" ind1=" " ind2="4">
   <subfield code="a">Οικονομία</subfield>
   <subfield code="x">Ιστορία</subfield>
   <subfield code="z">Ελλάδα.</subfield>
  </datafield>
  <datafield tag="700" ind1="1" ind2=" ">
   <subfield code="a">Χεκίμογλου, Ευάγγελος Α.</subfield>
   <subfield code="d">1953-</subfield>
  </datafield>
  <datafield tag="700" ind1="1" ind2=" ">
   <subfield code="a">Αδάμ-Βελένη, Πολυξένη.</subfield>
  </datafield>
  <datafield tag="700" ind1="1" ind2=" ">
   <subfield code="a">Μακρή, Ευτέρπη.</subfield>
  </datafield>
  <datafield tag="700" ind1="1" ind2=" ">
   <subfield code="a">Παπαστάθης, Χαράλαμπος.</subfield>
  </datafield>
  <datafield tag="700" ind1="1" ind2=" ">
   <subfield code="a">Μαντοπούλου-Παναγιωτοπούλου, Θάλεια Σ.</subfield>
  </datafield>
  <datafield tag="700" ind1="1" ind2=" ">
   <subfield code="a">Ρούπα, Ευφροσύνη Χ.</subfield>
  </datafield>
  <datafield tag="700" ind1="1" ind2=" ">
   <subfield code="a">Γεωργιάδου-Τσίμινο, Κίρκη.</subfield>
  </datafield>
  <datafield tag="852" ind1=" " ind2=" ">
   <subfield code="a">INST</subfield>
   <subfield code="b">UNIPILB</subfield>
   <subfield code="c">MAIN</subfield>
   <subfield code="e">20071106</subfield>
   <subfield code="h">338.0409495 ΙΣΤ</subfield>
   <subfield code="p">00154165</subfield>
   <subfield code="q">00154165</subfield>
   <subfield code="t">LOAN</subfield>
   <subfield code="y">0</subfield>
   <subfield code="4">1</subfield>
  </datafield>
  <datafield tag="852" ind1=" " ind2=" ">
   <subfield code="a">INST</subfield>
   <subfield code="b">UNIPILB</subfield>
   <subfield code="c">MAIN</subfield>
   <subfield code="e">20071106</subfield>
   <subfield code="h">338.0409495 ΙΣΤ</subfield>
   <subfield code="p">00154166</subfield>
   <subfield code="q">00154166</subfield>
   <subfield code="t">LOAN</subfield>
   <subfield code="y">0</subfield>
   <subfield code="4">1</subfield>
  </datafield>
  <datafield tag="852" ind1=" " ind2=" ">
   <subfield code="a">INST</subfield>
   <subfield code="b">UNIPILB</subfield>
   <subfield code="c">MAIN</subfield>
   <subfield code="e">20071106</subfield>
   <subfield code="h">338.0409495 ΙΣΤ</subfield>
   <subfield code="p">00154167</subfield>
   <subfield code="q">00154167</subfield>
   <subfield code="t">LOAN</subfield>
   <subfield code="y">0</subfield>
   <subfield code="4">1</subfield>
  </datafield>
  <datafield tag="852" ind1=" " ind2=" ">
   <subfield code="a">INST</subfield>
   <subfield code="b">UNIPILB</subfield>
   <subfield code="c">MAIN</subfield>
   <subfield code="e">20071106</subfield>
   <subfield code="h">338.0409495 ΙΣΤ</subfield>
   <subfield code="p">00154168</subfield>
   <subfield code="q">00154168</subfield>
   <subfield code="t">LOAN</subfield>
   <subfield code="y">0</subfield>
   <subfield code="4">1</subfield>
  </datafield>
  <datafield tag="852" ind1=" " ind2=" ">
   <subfield code="a">INST</subfield>
   <subfield code="b">UNIPILB</subfield>
   <subfield code="c">MAIN</subfield>
   <subfield code="e">20071106</subfield>
   <subfield code="h">338.0409495 ΙΣΤ</subfield>
   <subfield code="p">00154169</subfield>
   <subfield code="q">00154169</subfield>
   <subfield code="t">LOAN</subfield>
   <subfield code="y">0</subfield>
   <subfield code="4">1</subfield>
  </datafield>
 </record>
</collection>
